|
|
|
|
| LEADER |
01228nam a2200253 a 4500 |
| 001 |
00027048 |
| 008 |
130515r2012 nyua 000 0 eng d |
| 020 |
|
|
|a 1259061094
|
| 020 |
|
|
|a 9781259061097
|
| 040 |
|
|
|a BD-DhAAL
|c BD-DhAAL.
|
| 082 |
0 |
0 |
|a 428.0076
|2 22
|
| 245 |
0 |
0 |
|a The official guide to the TOEFL test
|
| 250 |
|
|
|a 4th ed.
|
| 260 |
|
|
|a New York :
|b McGraw-Hill ;
|a New Delhi :
|b Tata McGraw Hill,
|c c2012 [Reprinted]
|
| 300 |
|
|
|a 653 p. :
|b ill. ;
|c 28 cm.
|
| 541 |
|
|
|e 00027048
|
| 650 |
|
0 |
|a TOEFL.
|
| 650 |
|
0 |
|a Test of English as a Foreign Language
|x Examinations
|v Study guides.
|
| 650 |
|
0 |
|a English language
|x Examinations
|v Study guides.
|
| 710 |
2 |
|
|a Educational Testing Services.
|
| 852 |
1 |
|
|a Ayesha Abed Library
|j General shelf.
|
| 999 |
|
|
|c 13420
|d 13420
|
| 952 |
|
|
|0 0
|1 0
|2 ddc
|4 0
|6 428_007600000000000_OFF
|7 0
|9 22357
|a BRACUL
|b BRACUL
|c GEN
|d 2012-05-16
|e STS International
|g 1200.00
|l 2
|m 30
|o 428.0076 OFF
|p 3010027048
|r 2025-06-26
|s 2025-06-22
|t 1
|w 2012-05-16
|y BK
|x Transferred from BIL to BRACUL on 06/06/22
|
| 952 |
|
|
|0 0
|1 0
|2 ddc
|4 0
|6 428_007600000000000_OFF
|7 0
|9 22358
|a BRACUL
|b BRACUL
|c AV
|d 2012-05-16
|e STS International
|g 1200.00
|l 0
|o 428.0076 OFF
|p 4010027048
|r 2013-05-16
|t 1
|w 2012-05-16
|y AV
|x Transferred from BIL to BRACUL on 06/06/22
|